[Event "Madrid-chT 1516"]
[Site "Madrid"]
[Date "2016.03.06"]
[Round "13.34"]
[White "Alarcia Astiz, Carlos"]
[Black "Montoya Pecurul, Marc"]
[Result "1-0"]
[WhiteElo "2337"]
[BlackElo "2123"]
[PlyCount "69"]
[EventDate "2015.11.22"]
[EventType "team-tourn"]
[EventRounds "14"]
[EventCountry "ESP"]
[SourceTitle "EXT 2017"]
[Source "ChessBase"]
[SourceDate "2016.10.25"]
[SourceVersion "1"]
[SourceVersionDate "2016.10.25"]
[SourceQuality "1"]
[WhiteTeam "Blanco y Negro"]
[BlackTeam "Vallecas CDV"]
[WhiteTeamCountry "ESP"]
[BlackTeamCountry "ESP"]

1. e4 c5 2. Nf3 e6 3. d4 cxd4 4. Nxd4 Nc6 5. Nc3 Qc7 6. Be2 a6 7. Be3 b5 8. a3 Bb7 9. 0-0 Rc8 10. Nb3 Na5 11. Nxa5 Qxa5 12. f4 Rxc3 13. bxc3 Qxc3 14. Qd3 Qc7 15. c4 bxc4 16. Qxc4 Qxc4 17. Bxc4 Bxe4 18. Bxa6 Bd6 19. Rfc1 Bc6 20. a4 Nf6 21. Bb5 Nd5 22. Rxc6 dxc6 23. Bxc6+ Kd8 24. Bxd5 exd5 25. a5 Kc7 26. a6 d4 27. Bxd4 Bxf4 28. Rf1 Bd6 29. Rxf7+ Kc6 30. Rxg7 Kd5 31. Bf2 Rc8 32. g3 h6 33. a7 Ke4 34. Kg2 h5 35. Rh7 1-0

[Event "Madrid-chT 1516"]
[Site "Madrid"]
[Date "2016.02.21"]
[Round "11.15"]
[White "Montoya Pecurul, Marc"]
[Black "Horcajada Reales, Guillermo"]
[Result "0-1"]
[WhiteElo "2123"]
[BlackElo "2208"]
[PlyCount "82"]
[EventDate "2015.11.22"]
[EventType "team-tourn"]
[EventRounds "14"]
[EventCountry "ESP"]
[SourceTitle "EXT 2017"]
[Source "ChessBase"]
[SourceDate "2016.10.25"]
[SourceVersion "1"]
[SourceVersionDate "2016.10.25"]
[SourceQuality "1"]
[WhiteTeam "Vallecas CDV"]
[BlackTeam "Virgen de Atocha"]
[WhiteTeamCountry "ESP"]
[BlackTeamCountry "ESP"]

1. e4 e6 2. d4 d5 3. Nc3 Nf6 4. Bg5 Be7 5. e5 Nfd7 6. h4 Bxg5 7. hxg5 Qxg5 8. Nf3 Qe7 9. Qd3 Nf8 10. 0-0-0 b6 11. Qe3 a6 12. Bd3 Bb7 13. Ng5 c5 14. Nxh7 Nxh7 15. Bxh7 Nc6 16. Ne2 0-0-0 17. f4 g6 18. g4 Kb8 19. Kb1 cxd4 20. Nxd4 Nxd4 21. Qxd4 Qc5 22. c3 Qxd4 23. cxd4 Bc8 24. Kc1 Bd7 25. Kd2 Rc8 26. Rc1 Rxc1 27. Kxc1 Kc7 28. Kd2 Kd8 29. Ke3 Ke7 30. f5 exf5 31. gxf5 Bxf5 32. Bxg6 Rxh1 33. Bxf5 Rh2 34. Bc8 Rxb2 35. Bxa6 Rxa2 36. Bb7 Ra3+ 37. Ke2 Ra5 38. Bc6 f6 39. exf6+ Kxf6 40. Kd2 Kf5 41. Kc3 Ke4 0-1

[Event "Madrid-chT 1516"]
[Site "Madrid"]
[Date "2016.02.14"]
[Round "10.35"]
[White "Nunez Miranda, Adrian"]
[Black "Montoya Pecurul, Marc"]
[Result "0-1"]
[WhiteElo "2085"]
[BlackElo "2123"]
[PlyCount "80"]
[EventDate "2015.11.22"]
[EventType "team-tourn"]
[EventRounds "14"]
[EventCountry "ESP"]
[SourceTitle "EXT 2017"]
[Source "ChessBase"]
[SourceDate "2016.10.25"]
[SourceVersion "1"]
[SourceVersionDate "2016.10.25"]
[SourceQuality "1"]
[WhiteTeam "San Fernando de Henares"]
[BlackTeam "Vallecas CDV"]
[WhiteTeamCountry "ESP"]
[BlackTeamCountry "ESP"]

1. e4 c5 2. Nf3 e6 3. d4 cxd4 4. Nxd4 Nc6 5. Nc3 Qc7 6. Be3 a6 7. Qd2 Nf6 8. a3 Be7 9. Be2 b5 10. f4 Bb7 11. e5 Nxd4 12. Bxd4 Ne4 13. Nxe4 Bxe4 14. Bd3 Bh4+ 15. Bf2 Bxf2+ 16. Kxf2 Bb7 17. Rhe1 h5 18. h4 Qd8 19. g3 Rc8 20. Qe3 Qc7 21. Rad1 Qc6 22. Re2 0-0 23. c3 Rfd8 24. Be4 Qc7 25. Rd6 a5 26. Qf3 Rb8 27. Qxh5 Bxe4 28. Rxe4 Qc5+ 29. Red4 b4 30. axb4 axb4 31. c4 Rb6 32. Qd1 Rxd6 33. exd6 Ra8 34. Qd2 Ra1 35. Qe3 Rh1 36. Qe5 Qa7 37. f5 Qa1 38. fxe6 Qf1+ 39. Ke3 Qe1+ 40. Kf4 Rf1+ 0-1

[Event "Madrid-chT 1516"]
[Site "Madrid"]
[Date "2015.11.29"]
[Round "2.14"]
[White "Montoya Pecurul, Marc"]
[Black "Collado Barbas, Laura"]
[Result "1-0"]
[WhiteElo "2123"]
[BlackElo "2121"]
[PlyCount "125"]
[EventDate "2015.11.22"]
[EventType "team-tourn"]
[EventRounds "14"]
[EventCountry "ESP"]
[SourceTitle "EXT 2017"]
[Source "ChessBase"]
[SourceDate "2016.10.25"]
[SourceVersion "1"]
[SourceVersionDate "2016.10.25"]
[SourceQuality "1"]
[WhiteTeam "Vallecas CDV"]
[BlackTeam "La Casa del Ajedrez"]
[WhiteTeamCountry "ESP"]
[BlackTeamCountry "ESP"]

1. e4 e6 2. d4 d5 3. Nc3 Bb4 4. a3 Bxc3+ 5. bxc3 dxe4 6. Qg4 Nf6 7. Qxg7 Rg8 8. Qh6 Rg6 9. Qe3 Bd7 10. Ne2 Bc6 11. c4 a6 12. Nf4 Ng4 13. Qc3 Rg8 14. Bb2 Qf6 15. Qd2 Qh4 16. g3 Qh6 17. Bg2 e3 18. fxe3 Bxg2 19. Nxg2 Nc6 20. 0-0-0 0-0-0 21. Qe2 Ne7 22. h3 Nf6 23. Qf3 Qg5 24. g4 h5 25. d5 e5 26. Rhf1 Nd7 27. Qxf7 hxg4 28. hxg4 Rdf8 29. Qe6 Re8 30. d6 Nc6 31. Qd5 Qxg4 32. dxc7 Rg7 33. Rd2 Nb6 34. Qc5 Qxc4 35. Rd8+ Nxd8 36. cxd8Q+ Kxd8 37. Rd1+ Rd7 38. Qxb6+ Qc7 39. Rxd7+ Kxd7 40. Qg6 Qc4 41. Qf5+ Qe6 42. e4 Qxf5 43. exf5 Rf8 44. Ne3 Kd6 45. Kd2 b5 46. Kd3 Rh8 47. Ng4 Rh3+ 48. Ke4 Rh1 49. Bxe5+ Ke7 50. Bc3 Rh3 51. Bb4+ Ke8 52. f6 a5 53. Bxa5 Rxa3 54. Bb4 Ra4 55. c3 Ra6 56. Kf5 Ra1 57. Ne5 Rf1+ 58. Ke6 Rf4 59. Bc5 b4 60. cxb4 Rf1 61. b5 Rf4 62. Be3 Rf1 63. f7+ 1-0

[Event "Collado Villalba op 30th"]
[Site "Collado Villalba"]
[Date "2013.08.31"]
[Round "9"]
[White "Montoya Pecurul, Marc"]
[Black "Plazuelo Pascual, Juan"]
[Result "1-0"]
[WhiteElo "2068"]
[BlackElo "1962"]
[PlyCount "87"]
[EventDate "2013.08.23"]
[EventType "swiss"]
[EventRounds "9"]
[EventCountry "ESP"]
[SourceTitle "CBM 156 Extra"]
[Source "ChessBase"]
[SourceDate "2013.10.22"]
[SourceVersion "1"]
[SourceVersionDate "2013.10.22"]
[SourceQuality "1"]

1. e4 e6 2. d4 d5 3. Nc3 Nc6 4. exd5 exd5 5. Bb5 Bb4 6. Nf3 Nge7 7. Bf4 0-0 8. Qd2 Ng6 9. Be3 Bf5 10. a3 Bxc3 11. Qxc3 Qd6 12. 0-0-0 a6 13. Bxc6 Qxc6 14. Qxc6 bxc6 15. Nd2 Rfe8 16. Nb3 Nf8 17. Rhe1 Rab8 18. Nc5 Rb6 19. Bf4 Rxe1 20. Rxe1 Ne6 21. Nxe6 Bxe6 22. Bxc7 Rb7 23. Bd6 g6 24. Re3 Rd7 25. Bg3 Rb7 26. Bd6 Rd7 27. Bc5 Rb7 28. Rb3 Rb5 29. Kd2 f6 30. Re3 Kf7 31. Kc3 Rb7 32. a4 Bf5 33. a5 Be6 34. Bb6 Rb8 35. Kb4 Ke7 36. Kc5 Rc8 37. Ba7 Kd7 38. Kb6 Bf5 39. c3 Kd8 40. Kxa6 Rc7 41. Kb6 Bd7 42. Bb8 Rc8 43. Bd6 Bf5 44. Re7 1-0

[Event "Collado Villalba op 30th"]
[Site "Collado Villalba"]
[Date "2013.08.29"]
[Round "7"]
[White "Montoya Pecurul, Marc"]
[Black "Pinel Mirasierra, Jose Pablo"]
[Result "1-0"]
[WhiteElo "2068"]
[BlackElo "1951"]
[PlyCount "59"]
[EventDate "2013.08.23"]
[EventType "swiss"]
[EventRounds "9"]
[EventCountry "ESP"]
[SourceTitle "CBM 156 Extra"]
[Source "ChessBase"]
[SourceDate "2013.10.22"]
[SourceVersion "1"]
[SourceVersionDate "2013.10.22"]
[SourceQuality "1"]

1. e4 c6 2. d4 d5 3. exd5 cxd5 4. Bd3 Nc6 5. c3 g6 6. Bf4 Bg7 7. Nf3 Nf6 8. h3 Ne4 9. 0-0 0-0 10. Nbd2 Bf5 11. Qc2 Nxd2 12. Nxd2 Bxd3 13. Qxd3 Rc8 14. Rfe1 Qd7 15. Nf3 a6 16. Ne5 Nxe5 17. Bxe5 Rc4 18. Bxg7 Kxg7 19. Re3 b5 20. Rae1 e6 21. a3 Qd6 22. h4 h5 23. Re5 Rfc8 24. g4 hxg4 25. h5 Re8 26. hxg6 f5 27. Rxf5 exf5 28. Rxe8 Kxg6 29. Qe3 Kf7 30. Rh8 1-0

[Event "Madrid Oliver Gonzalez Memorial-A 3rd"]
[Site "Madrid"]
[Date "2012.09.09"]
[Round "9"]
[White "Montoya Pecurul, Marc"]
[Black "Montanes Arribas, Adrian"]
[Result "0-1"]
[WhiteElo "1925"]
[BlackElo "2200"]
[PlyCount "108"]
[EventDate "2012.09.01"]
[EventType "swiss"]
[EventRounds "9"]
[EventCountry "ESP"]
[SourceTitle "CBM 150 Extra"]
[Source "ChessBase"]
[SourceDate "2012.10.19"]
[SourceVersion "1"]
[SourceVersionDate "2012.10.19"]
[SourceQuality "1"]

1. e4 c5 2. Nf3 d6 3. d4 cxd4 4. Nxd4 Nf6 5. Nc3 a6 6. Bc4 e6 7. Bb3 Nbd7 8. f4 Nc5 9. f5 Bd7 10. Qf3 b5 11. a3 Be7 12. 0-0 Nxb3 13. cxb3 0-0 14. Be3 Qc7 15. Rad1 Qb7 16. b4 Rac8 17. Kh1 Rxc3 18. bxc3 e5 19. Nb3 Qxe4 20. Qxe4 Nxe4 21. Nc5 Bc6 22. Nxe4 Bxe4 23. Kg1 Rc8 24. Rc1 d5 25. Rf2 f6 26. g4 g6 27. fxg6 hxg6 28. Ra2 f5 29. gxf5 gxf5 30. a4 Kf7 31. axb5 Rg8+ 32. Kf1 Bd3+ 33. Ke1 Bxb5 34. Rca1 f4 35. Bf2 Rg6 36. Rd2 Ke6 37. Rda2 Kf5 38. Rd2 Bc4 39. Ra5 Ke4 40. Kd1 Rg2 41. Kc2 Rxh2 42. Ra1 Kf3 43. Bc5 Rxd2+ 44. Kxd2 Bh4 45. Rh1 Bg3 46. Rh8 e4 47. Rf8 Kg2 48. Rg8 d4 49. Rxg3+ Kxg3 50. Bxd4 Kf3 51. Bc5 e3+ 52. Ke1 Ke4 53. Bd6 f3 54. Bg3 Kf5 0-1

[Event "Madrid Oliver Gonzalez Memorial-A 3rd"]
[Site "Madrid"]
[Date "2012.09.08"]
[Round "8"]
[White "Pascual Palomo, Lucia"]
[Black "Montoya Pecurul, Marc"]
[Result "0-1"]
[WhiteElo "2120"]
[BlackElo "1925"]
[PlyCount "66"]
[EventDate "2012.09.01"]
[EventType "swiss"]
[EventRounds "9"]
[EventCountry "ESP"]
[SourceTitle "CBM 150 Extra"]
[Source "ChessBase"]
[SourceDate "2012.10.19"]
[SourceVersion "1"]
[SourceVersionDate "2012.10.19"]
[SourceQuality "1"]

1. e4 c5 2. Nf3 d6 3. d4 cxd4 4. Nxd4 Nf6 5. Nc3 g6 6. f4 Nc6 7. Be2 Bg7 8. Be3 0-0 9. Nb3 a6 10. a4 Be6 11. 0-0 Rc8 12. f5 Bd7 13. a5 Ne5 14. Bb6 Qe8 15. Nd2 Bc6 16. Nd5 Nxd5 17. exd5 Bxd5 18. Ra3 Nc4 19. Nxc4 Bxc4 20. Re3 Be5 21. b3 Bxe2 22. Qxe2 Qc6 23. c4 Bf6 24. Rxe7 Bxe7 25. Qxe7 Rce8 26. Qg5 Re2 27. Rf4 Rfe8 28. h3 h6 29. Qg4 g5 30. Rf3 d5 31. h4 Re1+ 32. Kh2 R8e4 33. cxd5 Qd6+ 0-1

[Event "Madrid Oliver Gonzalez Memorial-A 3rd"]
[Site "Madrid"]
[Date "2012.09.07"]
[Round "7"]
[White "Montoya Pecurul, Marc"]
[Black "Adan Bermudez, Sergio"]
[Result "0-1"]
[WhiteElo "1925"]
[BlackElo "2308"]
[PlyCount "56"]
[EventDate "2012.09.01"]
[EventType "swiss"]
[EventRounds "9"]
[EventCountry "ESP"]
[SourceTitle "CBM 150 Extra"]
[Source "ChessBase"]
[SourceDate "2012.10.19"]
[SourceVersion "1"]
[SourceVersionDate "2012.10.19"]
[SourceQuality "1"]

1. e4 d6 2. d4 g6 3. Nc3 Bg7 4. Be3 c6 5. f3 b5 6. Qd2 Nd7 7. h4 h5 8. 0-0-0 Nb6 9. Nh3 a5 10. Nf2 Nf6 11. Be2 Rb8 12. g4 b4 13. Nb1 Be6 14. g5 Nfd7 15. f4 Bxa2 16. f5 a4 17. e5 dxe5 18. fxg6 fxg6 19. dxe5 Nd5 20. e6 Ne5 21. Bd4 a3 22. b3 0-0 23. Ne4 Rf4 24. Bd3 Nf3 25. Qxf4 Nxf4 26. Bxg7 Kxg7 27. Rhf1 Bxb1 28. Rxf3 a2 0-1

[Event "Madrid Oliver Gonzalez Memorial-A 3rd"]
[Site "Madrid"]
[Date "2012.09.02"]
[Round "2"]
[White "Montoya Pecurul, Marc"]
[Black "Ruiz Sanchez, Orlen"]
[Result "0-1"]
[WhiteElo "1925"]
[BlackElo "2422"]
[PlyCount "48"]
[EventDate "2012.09.01"]
[EventType "swiss"]
[EventRounds "9"]
[EventCountry "ESP"]
[SourceTitle "CBM 150 Extra"]
[Source "ChessBase"]
[SourceDate "2012.10.19"]
[SourceVersion "1"]
[SourceVersionDate "2012.10.19"]
[SourceQuality "1"]

1. e4 c5 2. Nf3 d6 3. d4 cxd4 4. Nxd4 Nf6 5. Nc3 a6 6. Bc4 e6 7. Bb3 Be7 8. 0-0 0-0 9. Be3 b5 10. a3 Bb7 11. Bxe6 fxe6 12. Nxe6 Qe8 13. Bd4 Rf7 14. Nc7 Qd7 15. Nxa8 Bxa8 16. Re1 Nc6 17. Rb1 Nxd4 18. Qxd4 Qc6 19. h3 Bd8 20. Rbd1 Bb6 21. Qd2 Nh5 22. Kh2 Bxf2 23. Rf1 Qc5 24. Qxd6 Qxd6+ 0-1

[Event "Collado Villalba op-A 29th"]
[Site "Collado Villalba"]
[Date "2012.08.31"]
[Round "8"]
[White "Erice Alonso, Santiago"]
[Black "Montoya Pecurul, Marc"]
[Result "1-0"]
[WhiteElo "2011"]
[BlackElo "1925"]
[PlyCount "79"]
[EventDate "2012.08.24"]
[EventType "swiss"]
[EventRounds "9"]
[EventCountry "ESP"]
[SourceTitle "CBM 150 Extra"]
[Source "ChessBase"]
[SourceDate "2012.10.19"]
[SourceVersion "1"]
[SourceVersionDate "2012.10.19"]
[SourceQuality "1"]

1. e4 e5 2. f4 Bc5 3. Nf3 d6 4. Bc4 Nf6 5. d3 Nc6 6. c3 Bg4 7. h3 Bxf3 8. Qxf3 Qe7 9. f5 0-0-0 10. Bg5 h6 11. Bh4 Rdf8 12. Rf1 Qd7 13. Nd2 Kb8 14. 0-0-0 Ne7 15. Bb3 c6 16. Nc4 b5 17. Ne3 Qc7 18. d4 Bb6 19. Kb1 a5 20. Bxf6 gxf6 21. Ng4 Ng8 22. Rd2 h5 23. Ne3 a4 24. Bc2 Ne7 25. Rfd1 Rd8 26. b3 a3 27. b4 d5 28. Bb3 exd4 29. cxd4 Qd6 30. exd5 cxd5 31. Nc2 Qd7 32. Nxa3 Nxf5 33. Nxb5 Rhg8 34. Qf4+ Kb7 35. Nc3 Qc6 36. Qxf5 Qxc3 37. Bxd5+ Ka7 38. Bf3 Bxd4 39. Qa5+ Kb8 40. Qb5+ 1-0

[Event "Collado Villalba op-A 29th"]
[Site "Collado Villalba"]
[Date "2012.08.27"]
[Round "4"]
[White "Montoya Pecurul, Marc"]
[Black "Renteria Becerra, Jorge Elicer"]
[Result "1-0"]
[WhiteElo "1925"]
[BlackElo "2307"]
[PlyCount "85"]
[EventDate "2012.08.24"]
[EventType "swiss"]
[EventRounds "9"]
[EventCountry "ESP"]
[SourceTitle "CBM 150 Extra"]
[Source "ChessBase"]
[SourceDate "2012.10.19"]
[SourceVersion "1"]
[SourceVersionDate "2012.10.19"]
[SourceQuality "1"]

1. e4 c5 2. Nf3 d6 3. d4 cxd4 4. Nxd4 Nf6 5. Nc3 a6 6. Bc4 e6 7. Bb3 Be7 8. Be3 0-0 9. 0-0 b5 10. a3 Bd7 11. f4 Nc6 12. f5 Nxd4 13. Bxd4 e5 14. Be3 Rc8 15. Bg5 Bc6 16. Bxf6 Bxf6 17. Nd5 Bxd5 18. Bxd5 Rc5 19. c3 Qc7 20. Kh1 Rb8 21. Qh5 h6 22. Rf3 Rc8 23. Rd1 Qe7 24. Rfd3 a5 25. Ba2 R5c6 26. Bd5 Rb6 27. b4 axb4 28. axb4 Ra6 29. Qe2 Ra3 30. Qb2 Qa7 31. Bb3 Be7 32. f6 gxf6 33. Qe2 f5 34. Bxf7+ Kxf7 35. Qh5+ Kg7 36. exf5 Bg5 37. Rxd6 Ra1 38. h4 Rxd1+ 39. Qxd1 Be7 40. f6+ Kf8 41. fxe7+ Qxe7 42. Qf3+ Kg7 43. Qg4+ 1-0

[Event "Tres Cantos op 4th"]
[Site "Tres Cantos"]
[Date "2012.06.21"]
[Round "1"]
[White "Montoya Pecurul, Marc"]
[Black "Fernandez Munoz, Emiliano"]
[Result "0-1"]
[WhiteElo "1892"]
[BlackElo "2050"]
[PlyCount "88"]
[EventDate "2012.06.21"]
[EventType "swiss"]
[EventRounds "9"]
[EventCountry "ESP"]
[SourceTitle "CBM 149 Extra"]
[Source "ChessBase"]
[SourceDate "2012.08.24"]
[SourceVersion "1"]
[SourceVersionDate "2012.08.24"]
[SourceQuality "1"]

1. e4 Nc6 2. Nf3 d6 3. Bb5 Nf6 4. Nc3 a6 5. Bxc6+ bxc6 6. 0-0 g6 7. d4 Bg7 8. Bf4 0-0 9. Re1 Rb8 10. Na4 Bb7 11. c4 Nd7 12. Rc1 Nb6 13. c5 Nc8 14. Qd2 Re8 15. e5 Qd7 16. Bh6 e6 17. Bxg7 Kxg7 18. Re4 Ne7 19. Qg5 Ng8 20. Rh4 dxe5 21. Qxe5+ f6 22. Qg3 Rbd8 23. Nc3 Re7 24. h3 Qe8 25. Re1 Qf7 26. Ne2 Nh6 27. Re4 Nf5 28. Qg4 Bc8 29. Nf4 Kh8 30. Nh4 Nxh4 31. Qxh4 g5 32. Qh6 gxf4 33. Rxf4 Rf8 34. Re3 Qg7 35. Qh4 e5 36. Rg3 Qf7 37. dxe5 Rxe5 38. Rgf3 Re6 39. Qh6 Qg7 40. Qh4 Qg6 41. Rg3 Re1+ 42. Kh2 Qb1 43. Rgf3 Rh1+ 44. Kg3 Qg6+ 0-1

[Event "Collado Villalba op 28th"]
[Site "Collado Villalba"]
[Date "2011.08.26"]
[Round "4"]
[White "Barahona Torrijos, Angel"]
[Black "Montoya Pecurul, Marc"]
[Result "1/2-1/2"]
[WhiteElo "1902"]
[BlackElo "1796"]
[PlyCount "73"]
[EventDate "2011.08.23"]
[EventType "swiss"]
[EventRounds "9"]
[EventCountry "ESP"]
[SourceTitle "CBM 144 Extra"]
[Source "ChessBase"]
[SourceDate "2011.10.28"]
[SourceVersion "1"]
[SourceVersionDate "2011.10.28"]
[SourceQuality "1"]

1. e4 c5 2. a3 e6 3. b4 cxb4 4. axb4 Bxb4 5. Bb2 Nf6 6. e5 Nd5 7. c4 Nf4 8. g3 Ng6 9. Nf3 Nc6 10. Bg2 Qc7 11. Qe2 0-0 12. 0-0 d6 13. exd6 Bxd6 14. Nc3 a6 15. Ne4 Be7 16. d4 Re8 17. Rfd1 Bf8 18. Nfg5 h6 19. Qh5 Nb4 20. c5 Nd5 21. Nf3 Bd7 22. Ne5 Nxe5 23. dxe5 Bc6 24. Nd6 Nb4 25. Bc3 a5 26. Rab1 g6 27. Qg4 Bxg2 28. Kxg2 Qxc5 29. Qf3 Bxd6 30. exd6 Qc6 31. Qxc6 bxc6 32. Bxb4 axb4 33. Rxb4 Ra5 34. Rb6 Rd5 35. Rxd5 cxd5 36. f4 Kg7 37. h4 1/2-1/2

[Event "Tres Cantos op 3rd"]
[Site "Tres Cantos"]
[Date "2011.06.27"]
[Round "6"]
[White "Montoya Pecurul, Marc"]
[Black "Sanchez Lopez, Pedro"]
[Result "0-1"]
[WhiteElo "1796"]
[BlackElo "1533"]
[PlyCount "58"]
[EventDate "2011.06.22"]
[EventType "swiss"]
[EventRounds "9"]
[EventCountry "ESP"]
[SourceTitle "EXT 2012"]
[Source "ChessBase"]
[SourceDate "2011.11.24"]
[SourceVersion "1"]
[SourceVersionDate "2011.11.24"]
[SourceQuality "1"]

1. e4 c6 2. d4 d5 3. e5 Bf5 4. Nf3 e6 5. Be2 c5 6. c3 Nc6 7. 0-0 Qb6 8. dxc5 Bxc5 9. b4 Be7 10. Be3 Qc7 11. Nbd2 f6 12. exf6 Bxf6 13. Rc1 Nge7 14. Nb3 0-0 15. Nbd4 Ne5 16. Nxe5 Bxe5 17. f4 Bf6 18. Qb3 e5 19. Nxf5 Nxf5 20. Qxd5+ Kh8 21. Qf3 Nxe3 22. Qxe3 exf4 23. Rxf4 Rae8 24. Re4 Bg5 25. Qxg5 Rxe4 26. Bd3 Ref4 27. h3 Qb6+ 28. Kh1 Qe3 29. Qh5 Qxd3 0-1

[Event "Madrid Oliver Gonzalez Memorial 1st"]
[Site "Madrid"]
[Date "2010.10.10"]
[Round "2"]
[White "Montoya Pecurul, Marc"]
[Black "Garcia Serrano, Jose Manuel1"]
[Result "1/2-1/2"]
[WhiteElo "1629"]
[BlackElo "1926"]
[PlyCount "101"]
[EventDate "2010.10.09"]
[EventType "swiss"]
[EventRounds "9"]
[EventCountry "ESP"]
[SourceTitle "CBM 138 Extra"]
[Source "ChessBase"]
[SourceDate "2010.10.29"]
[SourceVersion "1"]
[SourceVersionDate "2010.10.29"]
[SourceQuality "1"]

1. e4 e5 2. Nf3 Nc6 3. Bb5 a6 4. Ba4 Nf6 5. 0-0 Nxe4 6. Re1 b5 7. Bb3 d5 8. Nc3 Be6 9. Nxe4 dxe4 10. Bxe6 exf3 11. Qxf3 fxe6 12. Qxc6+ Kf7 13. d3 Bd6 14. Re3 Rf8 15. Rh3 Kg8 16. Qe4 g6 17. Qg4 Rf5 18. Be3 Qe7 19. Rc1 Raf8 20. c4 Bc5 21. cxb5 Bxe3 22. fxe3 axb5 23. Qh4 Qf7 24. Qe1 Rf2 25. Qd1 Rxb2 26. Rf3 Qe7 27. h3 Rxa2 28. Qf1 Raa8 29. Ra1 Rab8 30. Qe2 Rxf3 31. Qxf3 b4 32. Ra8 Qe8 33. Rxb8 Qxb8 34. Qc6 Qc8 35. Qc5 b3 36. Qxe5 Qd7 37. Kh2 Qc6 38. Kg1 Qb6 39. Qg5 c6 40. Qe7 Qxe3+ 41. Kh1 Qe1+ 42. Kh2 Qe5+ 43. Kh1 b2 44. Qe8+ Kg7 45. Qe7+ Kh6 46. Qh4+ Qh5 47. Qf4+ Qg5 48. Qf8+ Kh5 49. Qf3+ Kh4 50. Qe4+ Kh5 51. Qf3+ 1/2-1/2

[Event "Parla op 25th"]
[Site "Parla"]
[Date "2010.09.10"]
[Round "7"]
[White "Montoya Pecurul, Marc"]
[Black "Ramirez Bulnes, Joaquin"]
[Result "1-0"]
[WhiteElo "1589"]
[BlackElo "1946"]
[PlyCount "77"]
[EventDate "2010.09.04"]
[EventType "swiss"]
[EventRounds "9"]
[EventCountry "ESP"]
[SourceTitle "CBM 138 Extra"]
[Source "ChessBase"]
[SourceDate "2010.10.29"]
[SourceVersion "1"]
[SourceVersionDate "2010.10.29"]
[SourceQuality "1"]

1. e4 c6 2. d4 d5 3. e5 Bf5 4. Bd3 Bxd3 5. Qxd3 e6 6. Nf3 c5 7. c3 Nc6 8. 0-0 Qb6 9. dxc5 Bxc5 10. Nbd2 Qc7 11. Nb3 Bb6 12. Bf4 Nge7 13. Rfe1 Ng6 14. Bg3 0-0 15. Nbd4 Rac8 16. Nb5 Qd7 17. Nd6 Rcd8 18. h4 Bc5 19. b4 Ngxe5 20. Bxe5 Bxd6 21. Ng5 g6 22. Bxd6 Qxd6 23. h5 h6 24. Nxe6 Ne5 25. Rxe5 Qxe5 26. Nxd8 Rxd8 27. hxg6 f5 28. Qd2 Kg7 29. Re1 Qf6 30. Qf4 Rd7 31. Re5 Kxg6 32. Qe3 f4 33. Qd3+ Kg7 34. Rf5 Qg6 35. Qd4+ Kh7 36. Qxf4 Qg7 37. Rf6 Re7 38. Qf5+ Kg8 39. Rg6 1-0